000 00551nam a2200217Ia 4500
003 OSt
005 20220924134330.0
006 a|||||r|||| 00| 0
007 ta
008 220923b |||||||| |||| 00| 0 snd d
024 _a273500
037 _cTextual
040 _aARTS
_cARTS
_bsnd
041 _2snd
_asnd
082 _aO1593,1NLA:g, M3
100 _aMehrchandani Bharumal
_9208365
245 0 _aLatifi Sair
260 _c1983
942 _hO1593,1NLA:g, M3
_cTEXL
_2CC
999 _c437062
_d437062